Statystyki dla Premier League 22/23

Kliknij tutaj aby rozwiązać quiz!

Ogólne statystyki

  • Ten quiz został rozwiązany 71 razy
  • Średni wynik to 12 z 20

Statystyki odpowiedzi

Nazwa Klubu% Poprawnych
Manchester City
100%
Manchester United
94%
Arsenal
92%
Chelsea
86%
Liverpool
86%
Tottenham Hotspur
82%
Aston Villa
66%
Newcastle
66%
West Ham United
56%
Brighton & Hove Albion
54%
Crystal Palace
52%
Leeds United
52%
Leicester City
52%
Everton
50%
Wolverhampton Wanderers
48%
Fulham
44%
Southampton
42%
Nottingham Forest
36%
Brentford
34%
Bournemouth
28%

Rozkład punktacji

Percentyl według liczby udzielonych odpowiedzi

Procent ludzi z każdym wynikiem

Twoja historia wyników

Nie rozwiązałeś tego quizu